书目信息 |
| 题名: |
网络资源下载
|
|
| 作者: | 陈露晓 主编 ;王兴佳 , 陈铀 , 王兴佳 分册主编 | |
| 分册: | ||
| 出版信息: | 北京 中国社会出版社 2010.01 |
|
| 页数: | 156页 | |
| 开本: | 21cm | |
| 丛书名: | 老年人网络新生活丛书 | |
| 单 册: | ||
| 中图分类: | TP393.4 | |
| 科图分类: | ||
| 主题词: | 互联网络--hu lian wang luo--基本知识 | |
| 电子资源: | ||
| ISBN: | 978-7-5087-2840-7 | |
| 000 | 01057nam 2200289 450 | |
| 001 | 012010856610 | |
| 005 | 20100419092259.92 | |
| 010 | @a978-7-5087-2840-7@dCNY10.00 | |
| 100 | @a20100415d2010 em y0chiy0120 ea | |
| 101 | 0 | @achi |
| 102 | @aCN@b110000 | |
| 105 | @aa z 000yy | |
| 106 | @ar | |
| 200 | 1 | @a网络资源下载@Awang luo zi yuan xia zai@f陈露晓主编@Fzhu bian chen lu xiao@g王兴佳, 陈铀分册主编@Gwang xing jia,chen you fen ce zhu bian |
| 210 | @a北京@c中国社会出版社@d2010.01 | |
| 215 | @a156页@c图@d21cm | |
| 225 | 2 | @a老年人网络新生活丛书@Alao nian ren wang luo xin sheng huo cong shu |
| 330 | @a本书内容包括:QQ旋风、网际快车、迅雷、BT下载、电驴下载、下载软件对比测评。 | |
| 410 | 0 | @12001 @a老年人网络新生活丛书 |
| 606 | 0 | @a互联网络@Ahu lian wang luo@x基本知识 |
| 690 | @aTP393.4@v4 | |
| 701 | 0 | @a陈露晓@Achen lu xiao@4主编 |
| 702 | 0 | @a王兴佳@Awang xing jia@4分册主编 |
| 702 | 0 | @a陈铀@Achen you@4分册主编 |
| 702 | 0 | @a王兴佳@Awang xing jia@4主编 |
| 801 | 0 | @aCN@bQSSK@c20100419 |
| 905 | @b778398-400@dTP393.4@eC507@f3 | |
| 网络资源下载/陈露晓主编/王兴佳, 陈铀分册主编.-北京:中国社会出版社,2010.01 |
| 156页:图;21cm.-(老年人网络新生活丛书) |
| ISBN 978-7-5087-2840-7:CNY10.00 |
| 本书内容包括:QQ旋风、网际快车、迅雷、BT下载、电驴下载、下载软件对比测评。 |
| ● |
| 相关链接 |
|
|
|
正题名:网络资源下载
索取号:TP393.4/C507
 
预约/预借
| 序号 | 登录号 | 条形码 | 馆藏地/架位号 | 状态 | 备注 |
| 1 | 778398 | 207783987 | 自科库301/301自科库 133排1列6层/ [索取号:TP393.4/C507] | 在馆 | |
| 2 | 778399 | 207783996 | 自科库301/301自科库 133排1列6层/ [索取号:TP393.4/C507] | 在馆 | |
| 3 | 778400 | 207784003 | 自科二线404/301自科库 130排2列6层/ [索取号:TP393.4/C507] | 在馆 |